El estatuto de las confesiones religiosas en el Derecho de la Unin̤ Europea. Entre el universalismo y la peculiaridad nacional /

Bibliographic Details
Main Author: Polo Sabau, Jos ̌Ramn̤
Format: eBook
Language:Spanish
Published: Madrid: Dykinson, 2013
Subjects:
Online Access:Acceso restringido

MARC

LEADER 00000nam a22000007a 4500
005 20140603021548.0
007 cr|||| ||||
008 140603s2013 es |||||s|||| 00||0 spa d
020 |a 978-84-9031-928-4 
035 |a 12211 
040 |a vLex 
090 |c 4975  |d 4975 
100 1 |a Polo Sabau, Jos ̌Ramn̤ 
245 1 3 |a El estatuto de las confesiones religiosas en el Derecho de la Unin̤ Europea.  |h [Recurso electrn̤ico] :  |b Entre el universalismo y la peculiaridad nacional /  |c Jos ̌Ramn̤ Polo Sabau 
256 |a Servicio en ln̕ea 
260 |a Madrid:  |b Dykinson,  |c 2013 
300 |a 1 recurso electrn̤ico 
500 |a En esta obra se aborda el estudio del rǧimen jurd̕ico de las confesiones religiosas en el ordenamiento de la Unin̤ Europea a partir de lo estipulado en el peculiar artc̕ulo 17 del Tratado de Funciona-miento de la Unin̤ Europea, un precepto con el que la reforma operada en el Tratado de Lisboa ha recuperado, incorporǹdolo ahora al Derecho primario, lo que en su da̕ estableci ̤la Declaracin̤ nm︢. 11 del Tratado de ℓmsterdam y ulteriormente aspir ̤a refrendar en su art. I-52 el malo-grado proyecto de Constitucin̤ Europea. Estamos aqu ̕en presencia de una norma con la que aparentemente se trata de mantener el estatuto nacional de las confesiones religiosas al margen del efecto homogeneizador propio del Derecho de la Unin̤ y que, en l︢tima instancia, adquiere su ms̀ pleno significado si es contemplada a la luz del fenm̤eno general de la tensin̤ existente entre el universalismo y el relativismo cultural, caracters̕tica de la llamada cultura internacional de los derechos huma-nos y que en efecto encuentra en esta disposicin̤ un indudable reflejo. Esta es la perspectiva metodolg̤ica adoptada en esta obra y desde estas premisas se realiza en ella un extenso anl̀isis del significado y el alcance del art. 17 TFUE as ̕como de su problemt̀ica relacin̤ con la vigencia del valor de la igualdad y del principio de no discriminacin̤ en el ordenamiento de la Unin̤. 
506 1 |a Disponible solo en los productos indicados  |d vLex Global  |d vLex Global (Academic Edition, excluding Law Schools)  |d vLex Global (U.S. Academic Edition, Law Schools)  |d vLex Global (U.S. Academic Edition, excluding Law Schools)  |d vLex Global (Academic Edition, Law Schools) 
650 0 4 |a Derecho Internacional  |z Espaą 
740 0 |a vLex Libros (Servicio en ln̕ea) 
856 4 0 |u http://vlex.com/source/estatuto-de-las-confesiones-religiosas-en-el-derecho-de-la-union-europea-entre-el-universalismo-y-la-peculiaridad-nacional-12211  |z Acceso restringido 
942 |c BOOK 
999 0 |a International Law